Military (NATO) Alphabet - Statistics

General Stats
  • This quiz has been taken 36 times
  • The average score is 18 of 26
Answer Stats
Hint Answer % Correct
C Charlie
95%
F Foxtrot
95%
B Bravo
90%
L Lima
90%
D Delta
86%
E Echo
81%
Z Zulu
81%
T Tango
76%
A Alfa
71%
G Golf
71%
H Hotel
71%
K Kilo
71%
P Papa
71%
S Sierra
71%
X X-Ray
71%
J Juliet
67%
I India
62%
R Romeo
62%
Y Yankee
62%
O Oscar
57%
Q Quebec
57%
U Uniform
57%
V Victor
57%
W Whisky
57%
M Mike
48%
N November
43%
No matching quizzes found
Score Distribution
Percent of People with Each Score
Percentile by Number Answered
Your Score History
You have not taken this quiz